000 00432pab a2200145 454500
008 180718b xxu||||| |||| 00| 0 eng d
100 _aLass, Daniel A.
245 _aThe supply of off-farm labour: a random coefficients approach
650 _a Random Coefficients
650 _a Agricultural Labour
650 _aFarm Labour
700 _aGempesaw, Conrado M
773 _aAmerican Journal of Agricultural Economics
909 _a22155
999 _c22155
_d22155